Profit from information use (Record no. 54969)

MARC details
000 -LEADER
fixed length control field 00588nam a2200157 a 4500
008 - FIXED-LENGTH DATA ELEMENTS--GENERAL INFORMATION
fixed length control field 120416s0000 ||||||||||||||||| || u
020 ## - INTERNATIONAL STANDARD BOOK NUMBER
International Standard Book Number 0566035545
050 ## - LIBRARY OF CONGRESS CALL NUMBER
Classification number Z 674.4 Whi
100 ## - MAIN ENTRY--PERSONAL NAME
Personal name White, Martin S
245 10 - TITLE STATEMENT
Title Profit from information use
246 ## - VARYING FORM OF TITLE
Title proper/short title a guide to the establishment, operation and use of an information consultancy
260 ## - PUBLICATION, DISTRIBUTION, ETC.
Place of publication, distribution, etc. Hants
Name of publisher, distributor, etc. Gower
Date of publication, distribution, etc. 1981[1985]
300 ## - PHYSICAL DESCRIPTION
Extent xii, 118p. : ill.
350 ## - PRICE (NR) (BK AM CF MU VM SE) [OBSOLETE]
Price 0.00
995 ## - RECOMMENDATION 995 [LOCAL, UNIMARC FRANCE]
-- 0.00
-- CBU-MAIN LIBRARY (Kitwe)
-- 1
-- 16.95
-- AVAILABLE
-- Annex Low-Usage Collection
Holdings
Withdrawn status Lost status Source of classification or shelving scheme Damaged status Not for loan Home library Current library Shelving location Date acquired Total Checkouts Full call number Barcode Date last seen Price effective from Koha item type
          CBU-MAIN LIBRARY, KITWE. CBU-MAIN LIBRARY, KITWE.   11/30/2022   Z 674.4 Whi 017474 11/30/2022 11/30/2022 MONOGRAPH